header

Discourses against judaizing Christians (Record no. 102426)

MARC details
000 -LEADER
fixed length control field 01582nam a2200385 a 4500
100 0# - MAIN ENTRY--AUTHOR NAME
Personal name John Chrysostom,
245 10 - TITLE STATEMENT
Title Discourses against judaizing Christians
260 ## - PUBLICATION, DISTRIBUTION, ETC. (IMPRINT)
Place of publication Washington, D.C. :
Name of publisher Catholic University of America Press,
Year of publication 1999, c1979.
300 ## - PHYSICAL DESCRIPTION
Number of Pages lxii, 286 p.
490 1# - SERIES STATEMENT
Series statement The fathers of the church : a new translation ;
500 ## - GENERAL NOTE
General note First short-run reprint.
650 #0 - SUBJECT ADDED ENTRY--TOPICAL TERM
Topical Term Judaism
Topical Term Sermons, Greek
Topical Term Sermons, Early Christian.
700 1# - ADDED ENTRY--PERSONAL NAME
Personal name Harkins, Paul W.
856 40 - ELECTRONIC LOCATION AND ACCESS
Uniform Resource Identifier http://site.ebrary.com/lib/rucke/Doc?id=10381296

No items available.

© 2026 Rongo University
Contact us: librarian | system librarian | Rongo university